00328nam a2200121Ia 45000030006000000080041000060400015000471000060000622450046001222600009001685460012001770050017001890STCL150530s9999 xx 000 0 und d aSTCLcSTCL aDevelopments Reconstruction Plans; Government of Madras aIndustries and electric power development c1920 aEnglish20220125165525.0